1061 1656 1021 1099 1754 1535 1755 1658 1675 1564 1424 1950 1888 1835 1907 1731 1583 1504 1570 1423 1547 1403 1563 1168 1462 1491 1136 1613 1307 1519 1392 1182 1637 1580 1290 1530 1962 1138 1994 1762 1038 1341 1693 1200 1402 1213 1970 1770 1082 1813 1351 1208 1275 1837 1654 1725 1851 1868 1019 1544 1788 1215 1153 1363 1334 1607 1518 1999 1163 1062 1433 1509 1853 1827 1444 1294 1127 1989 1496 1515 1528 1515 1939 1841 1349 1919 1690 1064 1804 1416 1261 1479 1221 1668 1820 1546 1306 1395 1576 BCNSPRNW ULIB Ver.6.0+V

เปลี่ยนเป็นภาษาไทย

Change to English
 แสดงรายละเอียดบรรณานุกรม
  กลับหน้าหลัก

Brief Record : Get Marc (ISO 2709) : E-mail record : QR code < ปิดหน้าต่าง
LEADER : 00000nam 2200000uu 4500
001    13399122780
003     ULIB
008    130923s2554||||th 000 0 tha d
020    ^a9789740328445
050    ^aHD66^bท615ก
100    ^aเทพประสิทธิ์ กุลธวัชวิชัย
245    ^aการนันทนาการ /^cเทพประสิทธิ์ กุลธวัชวิชัย
250    ^aพิมพ์ครั้งที่ 1
260    ^aกรุงเทพฯ :^bสำนักพิมพ์แห่งจุฬาลงกรมหาวิทยาลัย,^c2554
300    ^a453 หน้า
650    ^aนันทนาการ
945    ^p320^l0^i034002
945    ^p320^l0^i034003
999    ^aเกษร โพธิ์สุวรรณ
รายการนี้ยังไม่มีแท็ก
คุณยังไม่ได้ล็อกอิน คุณสามารถมีกิจกรรมร่วมกับเว็บไซต์ได้ แต่ต้องล็อกอินก่อน ::
  ล็อกอิน

รายการสื่อสารสนเทศ

ลำดับที่ ประเภท เลขเรียก/บาร์โค้ด สถานที่ สถานะ
1. การศึกษาทั่วไป
หนังสือสำรอง
สถานะ=หนังสือสำรอง
HD66 ท615ก ฉ.1 
  Barcode: 034002
ห้องสมุดวิทยาเขตสวรรค์ประชารักษ์
►หนังสือทั่วไป
บนชั้น
2. การศึกษาทั่วไป
การศึกษาทั่วไป
HD66 ท615ก ฉ.2 
  Barcode: 034003
ห้องสมุดวิทยาเขตนครสวรรค์
►หนังสือทั่วไป:l:General Books
บนชั้น

รายการใกล้เคียง
    ผู้แต่ง [เทพประสิทธิ์ กุลธวัชวิชัย]

    หัวเรื่อง [นันทนาการ]

BibComment


ยังไม่เคยถูกคอมเมนท์

คอมเมนท์ทรัพยากรรายการนี้
  คอมเมนท์: การนันทนาการ เท..


 Copyright 2026. Bcnsprnw @Library